Evaluación y descripción de un método cromatográfico de alta performance acoplado a espectrometría de masas para el análisis de residuos de sulfonamidas en miel /

Guardado en:
Autor Principal: Fernández, Leticia.
Autor Corporativo: Universidad Nacional del Sur. Departamento de Agronomía.
Otros Autores: Gallez, Liliana María, (tutor.)
Formato: Libro
Idioma:Spanish
Publicado: Bahía Blanca, 2009.
Etiquetas: Agregar Etiqueta
Sin Etiquetas, Sea el primero en etiquetar este registro!
LEADER 00803nam a22001695a 4500
001 EEA.libagro008186
005 20161024113826.0
008 130809s2009####ag#a##########000#0#spa#d
082 0 4 |a 638.15 
100 1 |a Fernández, Leticia. 
245 1 0 |a Evaluación y descripción de un método cromatográfico de alta performance acoplado a espectrometría de masas para el análisis de residuos de sulfonamidas en miel /  |c Leticia Fernández. 
260 |a Bahía Blanca,  |c 2009. 
300 |a 34 h. :  |b il. ;  |c 30 cm. 
502 |a Trabajo de intensificación (Ingeniero Agrónomo) -- Universidad Nacional del Sur. Departamento de Agronomía, 2009. 
700 1 |a Gallez, Liliana María,  |e tutor. 
710 2 |a Universidad Nacional del Sur.  |b Departamento de Agronomía. 
859 |a AR-BbBCA  |b BIB. AGRONOMIA  |h 638.15  |i F363  |p 2009/5575